Report on socio-economic conditions of women workers in selected handloom and khadi units in Bihar (1993) (Record no. 483804)

000 -LEADER
fixed length control field 00582cam a22001457a 4500
008 - FIXED-LENGTH DATA ELEMENTS--GENERAL INFORMATION
fixed length control field 180718b1995 xxu||||| |||| 00| 0 eng d
082 ## - DEWEY DECIMAL CLASSIFICATION NUMBER
Classification number R6:B142x5413 In2h
245 ## - TITLE STATEMENT
Title Report on socio-economic conditions of women workers in selected handloom and khadi units in Bihar (1993)
Statement of responsibility, etc. by Shram Bureau, Shram Mantralaya
260 ## - PUBLICATION, DISTRIBUTION, ETC.
Place of publication, distribution, etc. Chandigarh
Name of publisher, distributor, etc. Director, Labour Bureau
Date of publication, distribution, etc. 1995
300 ## - PHYSICAL DESCRIPTION
Extent 72+p.
650 ## - SUBJECT ADDED ENTRY--TOPICAL TERM
Topical term or geographic name entry element Work environment - India - Bihar
650 ## - SUBJECT ADDED ENTRY--TOPICAL TERM
Topical term or geographic name entry element Women employment - India - Bihar
650 ## - SUBJECT ADDED ENTRY--TOPICAL TERM
Topical term or geographic name entry element Handloom industry - India - Bihar
700 ## - ADDED ENTRY--PERSONAL NAME
Personal name India. Shram Mantralaya. Shram Bureau
Holdings
Withdrawn status Lost status Damaged status Not for loan Permanent Location Current Location Date acquired Full call number Barcode Date last seen Price effective from Koha item type
        Indian Institute of Public Administration Indian Institute of Public Administration 2018-08-04 R6:B142x5413 In2h GG22548 2018-08-04 2018-08-04 GG

Powered by Koha